[Event "ch-ROM Man Baile Tusnad ROM"]
[Site "?"]
[Date "2001.??.??"]
[Round "10"]
[White "Navrotescu , Catalin"]
[Black "Spulber, Cicirone"]
[Result "1/2-1/2"]
[WhiteElo "2450"]
[BlackElo "2380"]
[Annotator "BH"]
[PlyCount "127"]
[EventDate "2001.??.??"]
[Source "b/signature.htm"]
[SourceDate "3188127.01.02"]

1. d4 d5 2. c4 c6 3. Nf3 Nf6 4. Nc3 e6 5. Bg5 Be7 6. e3 Nbd7 7. Qc2 O-O 8.
O-O-O a5 9. Kb1 a4 10. h4 dxc4 11. Bxc4 a3 12. b3 Re8 13. e4 Nf8 14. e5 Nd5 15.
Ne4 Qa5 16. Rh3 b5 17. Be2 b4 18. Rg3 Kh8 19. h5 Ba6 20. Bxa6 Qxa6 21. Qd2 Nd7
22. h6 g6 23. Bxe7 Rxe7 24. Nfg5 Kg8 25. Rc1 f5 26. exf6 N7xf6 27. Nc5 Qc8 28.
Qd3 Qe8 29. Nf3 Nc3+ 30. Ka1 Nh5 31. Rg4 Qf8 32. Rh1 Qf5 33. Rg5 Qxd3 34. Nxd3
Nf6 35. Nxb4 Nfe4 36. Re5 Nxf2 37. Rc1 Nd5 38. Nxc6 Ree8 39. Re2 Ng4 40. Rce1
Nxh6 41. Rxe6 Rxe6 42. Rxe6 Nf5 43. Re5 Nf4 44. g4 Nh6 45. g5 Nf7 46. Re1 Kg7
47. Kb1 Nd5 48. Rc1 Nd6 49. Nd2 Nb5 50. Rc5 Rc8 51. Ne4 Nbc7 52. Ne5 Rf8 53.
Nf6 Rxf6 54. gxf6+ Kxf6 55. b4 Ke6 56. Kc2 Nxb4+ 57. Kb3 Nbd5 58. Kxa3 Kf5 59.
Kb3 Ke4 60. Nc6 h5 61. Rc1 g5 62. Ne5 g4 63. Rh1 Nf4 64. Rxh5 1/2-1/2

[Event "ch-ROM Man Baile Tusnad ROM"]
[Site "?"]
[Date "2001.??.??"]
[Round "12"]
[White "Navrotescu , Catalin"]
[Black "Florean, Andrei Costel"]
[Result "0-1"]
[WhiteElo "2450"]
[BlackElo "2435"]
[Annotator "BH"]
[PlyCount "96"]
[EventDate "2001.??.??"]
[Source "b/signature.htm"]
[SourceDate "3188127.01.02"]

1. d4 Nf6 2. c4 c5 3. d5 d6 4. Nc3 g6 5. Nf3 Bg7 6. g3 O-O 7. Bg2 e5 8. O-O
Nbd7 9. e4 Ne8 10. Bd2 a6 11. a4 b6 12. Rb1 Rb8 13. Qe2 Nc7 14. b4 cxb4 15.
Rxb4 a5 16. Rb2 Nc5 17. Ra1 Rb7 18. Ne1 f5 19. exf5 gxf5 20. Ra3 N7a6 21. Rb1
f4 22. Ne4 Rbf7 23. f3 h5 24. Nd3 Nxe4 25. Qxe4 Bf5 26. Qe2 fxg3 27. hxg3 h4
28. g4 Bg6 29. Rf1 Bf6 30. f4 Bxd3 31. Rxd3 exf4 32. Rxf4 Bg5 33. Rxf7 Rxf7 34.
Rf3 Rxf3 35. Bxf3 Bxd2 36. Qxd2 Qf6 37. Be4 Nc5 38. Bf5 Nxa4 39. Qe3 Nc5 40.
Kg2 Qb2+ 41. Kg1 Qf6 42. Kg2 Kf7 43. Qf4 a4 44. g5 Qe5 45. g6+ Kf6 46. Qxe5+
dxe5 47. Kh3 e4 48. Kxh4 a3 0-1

[Event "ch-ROM Man Baile Tusnad ROM"]
[Site "?"]
[Date "2001.??.??"]
[Round "13"]
[White "Moldovan , Daniel"]
[Black "Navrotescu , Catalin"]
[Result "1/2-1/2"]
[WhiteElo "2430"]
[BlackElo "2450"]
[Annotator "BH"]
[PlyCount "34"]
[EventDate "2001.??.??"]
[Source "b/signature.htm"]
[SourceDate "3188127.01.02"]

1. g3 d5 2. Bg2 Nf6 3. Nf3 Bg4 4. O-O Nbd7 5. d3 c6 6. Nbd2 e5 7. h3 Bh5 8. e4
dxe4 9. dxe4 Bc5 10. Qe1 O-O 11. Nh4 Re8 12. Nf5 a5 13. Nc4 b5 14. Ncd6 Re6 15.
Nb7 Qc7 16. Nxc5 Nxc5 17. Qe3 Qa7 1/2-1/2

[Event "ch-ROM Man Baile Tusnad ROM"]
[Site "?"]
[Date "2001.??.??"]
[Round "14"]
[White "Navrotescu , Catalin"]
[Black "Moraru, Marius"]
[Result "1-0"]
[WhiteElo "2450"]
[BlackElo "2295"]
[Annotator "BH"]
[PlyCount "125"]
[EventDate "2001.??.??"]
[Source "b/signature.htm"]
[SourceDate "3188127.01.02"]

1. Nf3 Nf6 2. d4 g6 3. c4 c5 4. d5 b5 5. cxb5 a6 6. b6 Bg7 7. Nc3 d6 8. e4 O-O
9. a4 a5 10. Bb5 Qxb6 11. Nd2 Na6 12. O-O Nb4 13. Nc4 Qc7 14. Bd2 Rd8 15. Re1
e6 16. Bg5 h6 17. Bh4 exd5 18. exd5 g5 19. Bg3 Bf5 20. Rc1 Bg6 21. Bc6 Nxc6 22.
Nb5 Qd7 23. dxc6 Qxc6 24. Ncxd6 Nh5 25. Qf3 Qxf3 26. gxf3 Bxb2 27. Rxc5 Nxg3
28. hxg3 Rd7 29. Nc8 Rd2 30. Ne7+ Kh7 31. Nxg6 Kxg6 32. Rc6+ Kh7 33. Nd6 Bd4
34. Nf5 Kg8 35. Nxh6+ Kh7 36. Ng4 Rb8 37. Re7 Kg7 38. Rcc7 Bxf2+ 39. Nxf2 Rb1+
40. Kg2 Rbb2 41. Rxf7+ Kg6 42. Rg7+ Kf6 43. Rgf7+ Kg6 44. Rg7+ Kf6 45. Rcf7+
Ke6 46. Ra7 Rxf2+ 47. Kh3 Rxf3 48. Ra6+ Kf5 49. Rxa5+ Kf6 50. Rgxg5 Ra3 51.
Raf5+ Ke6 52. Rb5 Rba2 53. Rb6+ Kf7 54. Rc5 Re2 55. a5 Re6 56. Rxe6 Kxe6 57.
Kh4 Kf6 58. Rc6+ Kg7 59. a6 Kf7 60. g4 Ra5 61. g5 Ra1 62. g6+ Kg7 63. Kg5 1-0

[Event "ROM-chT"]
[Site "Eforie Nord"]
[Date "2000.12.18"]
[Round "1"]
[White "Ionescu, Constantin"]
[Black "Navrotescu , Catalin"]
[Result "1/2-1/2"]
[WhiteElo "2492"]
[BlackElo "2447"]
[PlyCount "51"]
[EventDate "2000.12.18"]
[EventType "team"]
[EventRounds "5"]
[EventCountry "ROM"]
[Source "ChessBase"]
[SourceDate "2001.03.20"]

1. d4 Nf6 2. c4 g6 3. Nc3 Bg7 4. e4 d6 5. Bd3 O-O 6. Nge2 Nc6 7. O-O Nh5 8. Be3
e5 9. d5 Nd4 10. Bc2 Nxe2+ 11. Qxe2 f5 12. exf5 Bxf5 13. Bxf5 Rxf5 14. Ne4 Nf4
15. Qd2 Qe7 16. f3 Rff8 17. a4 Rfe8 18. a5 Qf8 19. g3 Nh5 20. Ng5 Bh6 21. Ne6
Bxe3+ 22. Qxe3 Qe7 23. Rae1 Ng7 24. Nxg7 Qxg7 25. f4 b6 26. axb6 1/2-1/2

[Event "ROM-chT"]
[Site "Eforie Nord"]
[Date "2000.12.20"]
[Round "3"]
[White "Navrotescu , Catalin"]
[Black "Tugui, Adrian"]
[Result "1-0"]
[WhiteElo "2447"]
[BlackElo "2314"]
[PlyCount "64"]
[EventDate "2000.12.18"]
[EventType "team"]
[EventRounds "5"]
[EventCountry "ROM"]
[Source "ChessBase"]
[SourceDate "2001.03.20"]

1. g3 d5 2. Bg2 Nf6 3. d3 g6 4. Nf3 Bg7 5. O-O O-O 6. Nbd2 c5 7. e4 Nc6 8. exd5
Nxd5 9. Re1 b6 10. Nc4 Bb7 11. c3 Qc7 12. a4 Rfd8 13. Qb3 h6 14. Bd2 e6 15. a5
Rab8 16. Qa4 Kh7 17. h4 Ba8 18. axb6 axb6 19. Qc2 Kg8 20. Ne3 Nf6 21. Nc4 Nd5
22. Nh2 b5 23. Ne3 Nce7 24. Neg4 h5 25. Nh6+ Kf8 26. Nf3 Bb7 27. Nxf7 Kxf7 28.
Ng5+ Kg8 29. Nxe6 Qd7 30. Nxc5 Qd6 31. d4 Bc8 32. Bg5 Nf6 1-0

[Event "ROM-chT"]
[Site "Eforie Nord"]
[Date "2000.12.21"]
[Round "4"]
[White "Manea, Alexandru"]
[Black "Navrotescu , Catalin"]
[Result "1/2-1/2"]
[WhiteElo "2302"]
[BlackElo "2447"]
[PlyCount "28"]
[EventDate "2000.12.18"]
[EventType "team"]
[EventRounds "5"]
[EventCountry "ROM"]
[Source "ChessBase"]
[SourceDate "2001.03.20"]

1. e4 e6 2. Qe2 c5 3. Nf3 Nc6 4. g3 g6 5. h4 h6 6. Bg2 Bg7 7. O-O Nge7 8. d3 d5
9. c3 b6 10. Na3 a5 11. Nb5 O-O 12. a4 Na7 13. Bf4 Nxb5 14. axb5 Bb7 1/2-1/2

[Event "Halkidiki White Tower op"]
[Site "Halkidiki"]
[Date "2000.10.03"]
[Round "1"]
[White "Navrotescu , Catalin"]
[Black "Dorfanis, Ilarion"]
[Result "1-0"]
[WhiteElo "2447"]
[BlackElo "2141"]
[PlyCount "83"]
[EventDate "2000.10.03"]
[EventType "swiss"]
[EventRounds "7"]
[EventCountry "GRE"]
[Source "ChessBase"]
[SourceDate "2000.11.22"]

1. d4 d5 2. c4 dxc4 3. e3 Nf6 4. Bxc4 e6 5. Nf3 c5 6. O-O a6 7. Bd3 cxd4 8.
exd4 Be7 9. Nc3 O-O 10. Re1 b5 11. a4 b4 12. Ne4 Bb7 13. Ned2 Nc6 14. Nc4 Na5
15. Nce5 Bd5 16. Bg5 h6 17. Be3 Qb6 18. Qe2 Qb7 19. Rac1 Be4 20. Bxe4 Qxe4 21.
Nd2 Qd5 22. Ndc4 Nxc4 23. Rxc4 Qb7 24. Rec1 Rac8 25. Nc6 Nd5 26. h3 Kh8 27. Na5
Qd7 28. Rc6 Nc3 29. Qxa6 Ra8 30. Qc4 Rxa5 31. bxc3 Rxa4 32. Bd2 Rb8 33. cxb4
Rd8 34. Bc3 Ra7 35. b5 Rb8 36. b6 Rab7 37. Rc7 Rxc7 38. bxc7 Rc8 39. Ba5 Kh7
40. Bb6 Bd6 41. g3 Qe8 42. h4 1-0

[Event "Halkidiki White Tower op"]
[Site "Halkidiki"]
[Date "2000.10.04"]
[Round "2"]
[White "Bokan, Danko"]
[Black "Navrotescu , Catalin"]
[Result "1/2-1/2"]
[WhiteElo "2332"]
[BlackElo "2447"]
[PlyCount "50"]
[EventDate "2000.10.03"]
[EventType "swiss"]
[EventRounds "7"]
[EventCountry "GRE"]
[Source "ChessBase"]
[SourceDate "2000.11.22"]

1. e4 c5 2. Nf3 Nc6 3. d4 cxd4 4. Nxd4 Nf6 5. Nc3 d6 6. Bc4 e6 7. a3 a6 8. Ba2
Qc7 9. O-O Be7 10. Kh1 b5 11. f4 O-O 12. f5 Nxd4 13. Qxd4 Rb8 14. Bg5 a5 15.
Qd3 Bd7 16. Ne2 Kh8 17. Nf4 exf5 18. exf5 Bc6 19. Rae1 Rbe8 20. Qh3 Ne4 21.
Bxe7 Rxe7 22. Rd1 Rfe8 23. Qd3 Re5 24. Nd5 Qb7 25. Kg1 Kg8 1/2-1/2

[Event "Halkidiki White Tower op"]
[Site "Halkidiki"]
[Date "2000.10.05"]
[Round "3"]
[White "Navrotescu , Catalin"]
[Black "Csonka, Attila"]
[Result "1-0"]
[WhiteElo "2447"]
[BlackElo "2310"]
[PlyCount "63"]
[EventDate "2000.10.03"]
[EventType "swiss"]
[EventRounds "7"]
[EventCountry "GRE"]
[Source "ChessBase"]
[SourceDate "2000.11.22"]

1. d4 Nf6 2. c4 e6 3. Nf3 b6 4. g3 Ba6 5. Nbd2 c5 6. e4 cxd4 7. Bg2 Bb7 8. O-O
Bc5 9. e5 Ng4 10. Nb3 Nc6 11. h3 Nh6 12. Bxh6 gxh6 13. Nfxd4 Be7 14. Qh5 Qb8
15. Nxc6 Bxc6 16. Bxc6 dxc6 17. Nd4 Qc8 18. Qxh6 Qd7 19. Rad1 O-O-O 20. Qh5 Qe8
21. Rfe1 Rg8 22. Qxh7 Bb4 23. Rf1 Rg6 24. Nf3 Rd7 25. Kg2 Rc7 26. Qh4 Qg8 27.
Rd3 Be7 28. Qe4 Qh7 29. Re1 Kb7 30. a3 a5 31. Nd4 Bc5 32. Nxc6 1-0

[Event "Halkidiki White Tower op"]
[Site "Halkidiki"]
[Date "2000.10.07"]
[Round "5"]
[White "Navrotescu , Catalin"]
[Black "Allahverdiev, Anar"]
[Result "1/2-1/2"]
[WhiteElo "2447"]
[BlackElo "2403"]
[PlyCount "85"]
[EventDate "2000.10.03"]
[EventType "swiss"]
[EventRounds "7"]
[EventCountry "GRE"]
[Source "ChessBase"]
[SourceDate "2000.11.22"]

1. d4 Nf6 2. c4 e6 3. Nf3 b6 4. g3 Bb7 5. Bg2 Be7 6. Nc3 Ne4 7. Bd2 O-O 8. O-O
f5 9. d5 Bf6 10. Rc1 Na6 11. a3 Nac5 12. b4 Bxc3 13. Bxc3 Nxc3 14. Rxc3 Ne4 15.
Rc2 a5 16. dxe6 axb4 17. axb4 dxe6 18. Qxd8 Rfxd8 19. Ng5 Nxg5 20. Bxb7 Ra7 21.
Bc6 Rd4 22. e3 Rd6 23. b5 Kf8 24. Rfc1 Ke7 25. c5 bxc5 26. Rxc5 Rd2 27. Bg2 Kd8
28. h4 Nf7 29. R5c2 Rxc2 30. Rxc2 Ra1+ 31. Bf1 Rb1 32. Kg2 Nd6 33. Rc5 Rb2 34.
Bd3 Rd2 35. Rc3 Rb2 36. Rc5 Rd2 37. Rc3 Kd7 38. Kf1 e5 39. Ke1 Rb2 40. Rc5 e4
41. Be2 g6 42. Kd1 h6 43. Ke1 1/2-1/2

[Event "Halkidiki White Tower op"]
[Site "Halkidiki"]
[Date "2000.10.08"]
[Round "6"]
[White "Ivanov, Timur"]
[Black "Navrotescu , Catalin"]
[Result "1-0"]
[WhiteElo "2425"]
[BlackElo "2447"]
[PlyCount "99"]
[EventDate "2000.10.03"]
[EventType "swiss"]
[EventRounds "7"]
[EventCountry "GRE"]
[Source "ChessBase"]
[SourceDate "2000.11.22"]

1. Nf3 g6 2. c4 Bg7 3. Nc3 e5 4. d4 exd4 5. Nxd4 Nf6 6. e4 O-O 7. Be2 Re8 8. f3
c6 9. Bg5 h6 10. Bh4 d6 11. Rb1 Nbd7 12. O-O Ne5 13. Kh1 g5 14. Bf2 Nh5 15. b4
Nf4 16. Rc1 Qf6 17. Qd2 a5 18. bxa5 Rxa5 19. Nd5 cxd5 20. Qxa5 Ned3 21. Bxd3
Nxd3 22. Rcd1 dxe4 23. Bg1 Nf4 24. fxe4 Rxe4 25. Rde1 Rxe1 26. Rxe1 Kh7 27. Qc7
Bg4 28. Qxb7 Bh5 29. Qe7 Nd3 30. Qxf6 Bxf6 31. Rf1 Be5 32. Nf3 Bb2 33. Bd4 Ba3
34. Rb1 Bg6 35. Rb3 Bc1 36. a4 Be4 37. Kg1 g4 38. Nh4 Bg5 39. g3 Nc1 40. Rb2
Bd3 41. Kg2 Ne2 42. Ba7 Bxc4 43. Nf5 Bd5+ 44. Kf1 Nc3 45. a5 Bc4+ 46. Kg1 Ne4
47. Be3 Bd8 48. Rb4 d5 49. Rxc4 dxc4 50. a6 1-0

[Event "Golden Cleopatra op 4th"]
[Site "Cairo"]
[Date "2000.07.11"]
[Round "1"]
[White "Mohamed, Farag Amrou"]
[Black "Navrotescu , Catalin"]
[Result "1/2-1/2"]
[WhiteElo "2280"]
[BlackElo "2439"]
[PlyCount "51"]
[EventDate "2000.07.03"]
[EventType "swiss"]
[EventRounds "9"]
[EventCountry "EGY"]
[Source "ChessBase"]
[SourceDate "2000.09.14"]

1. e4 c5 2. Nc3 Nc6 3. f4 g6 4. Nf3 Bg7 5. g3 d6 6. Bg2 Bg4 7. h3 Bxf3 8. Qxf3
Nf6 9. Ne2 O-O 10. c3 Nd7 11. d3 b5 12. O-O b4 13. Be3 Rb8 14. Rfd1 Qc7 15. Rd2
bxc3 16. bxc3 Rb6 17. Rad1 Rfb8 18. Bf2 Rb1 19. Rxb1 Rxb1+ 20. Kh2 Qb6 21. e5
Na5 22. d4 Nc4 23. Rc2 Na3 24. Rd2 Nc4 25. Rc2 Na3 26. Rd2 1/2-1/2

[Event "Golden Cleopatra op 4th"]
[Site "Cairo"]
[Date "2000.07.12"]
[Round "2"]
[White "Navrotescu , Catalin"]
[Black "Abou el Zein, Eid Mahmoud"]
[Result "1/2-1/2"]
[WhiteElo "2439"]
[BlackElo "2366"]
[PlyCount "125"]
[EventDate "2000.07.03"]
[EventType "swiss"]
[EventRounds "9"]
[EventCountry "EGY"]
[Source "ChessBase"]
[SourceDate "2000.09.14"]

1. d4 Nf6 2. c4 e6 3. Nc3 d5 4. Bg5 c6 5. e3 Nbd7 6. Nf3 Be7 7. Qc2 O-O 8.
O-O-O Qa5 9. Kb1 Re8 10. cxd5 exd5 11. Bd3 h6 12. Bxf6 Nxf6 13. h3 Bd6 14. g4
Bd7 15. Rhg1 Kh8 16. Bf5 Qc7 17. g5 Bxf5 18. Qxf5 Qd7 19. Nh4 hxg5 20. Qxg5 Bf8
21. Rg4 Nxg4 22. hxg4 Kg8 23. Rh1 g6 24. Nf3 Qe7 25. Qf4 Qd6 26. Ne5 Qe6 27.
Nxf7 Bg7 28. Nh6+ Bxh6 29. Qxh6 Qf6 30. Qh7+ Kf8 31. Qxb7 Reb8 32. Qc7 Rc8 33.
Qg3 Kg7 34. Rc1 Rab8 35. Na4 Rb4 36. Nc5 Qe7 37. Rh1 Rbb8 38. a3 Rh8 39. Rc1
Rbc8 40. Ka2 Rhf8 41. Rc2 Rh8 42. Rc3 Rb8 43. Na6 Rb6 44. Nb4 Rc8 45. Nxd5 cxd5
46. Rxc8 Rxb2+ 47. Kxb2 Qb7+ 48. Kc2 Qxc8+ 49. Kd2 Qc4 50. Qe5+ Kh6 51. Qf4+
Kg7 52. g5 Qa2+ 53. Ke1 Qxa3 54. Qf6+ Kh7 55. Qf7+ Kh8 56. Qxg6 a5 57. Qf6+ Kg8
58. Qe6+ Kg7 59. Qe5+ Kg6 60. Qf6+ Kh5 61. Qf3+ Kg6 62. Qxd5 Qb4+ 63. Ke2
1/2-1/2

[Event "Golden Cleopatra op 4th"]
[Site "Cairo"]
[Date "2000.07.14"]
[Round "4"]
[White "Navrotescu , Catalin"]
[Black "Grunberg, Mihai Lucian"]
[Result "1/2-1/2"]
[WhiteElo "2439"]
[BlackElo "2409"]
[PlyCount "30"]
[EventDate "2000.07.03"]
[EventType "swiss"]
[EventRounds "9"]
[EventCountry "EGY"]
[Source "ChessBase"]
[SourceDate "2000.09.14"]

1. e4 c6 2. c4 e5 3. Nf3 d6 4. d4 Nd7 5. Nc3 Ngf6 6. g3 Be7 7. Bg2 O-O 8. O-O
Re8 9. h3 Qc7 10. Be3 Bf8 11. Re1 a6 12. Rc1 Rb8 13. b3 b5 14. cxb5 axb5 15.
Qc2 Qa5 1/2-1/2

[Event "Golden Cleopatra op 4th"]
[Site "Cairo"]
[Date "2000.07.15"]
[Round "5"]
[White "Donchenko, Anatoly G"]
[Black "Navrotescu , Catalin"]
[Result "1/2-1/2"]
[WhiteElo "2428"]
[BlackElo "2439"]
[PlyCount "26"]
[EventDate "2000.07.03"]
[EventType "swiss"]
[EventRounds "9"]
[EventCountry "EGY"]
[Source "ChessBase"]
[SourceDate "2000.09.14"]

1. Nf3 g6 2. c4 Bg7 3. d4 Nf6 4. Nc3 O-O 5. g3 d5 6. cxd5 Nxd5 7. Bg2 Nxc3 8.
bxc3 c5 9. O-O Nc6 10. e3 Be6 11. Nd2 Rc8 12. Ba3 b6 13. Qe2 cxd4 1/2-1/2

[Event "Golden Cleopatra op 4th"]
[Site "Cairo"]
[Date "2000.07.19"]
[Round "8"]
[White "Navrotescu , Catalin"]
[Black "Miezis, Normunds"]
[Result "1/2-1/2"]
[WhiteElo "2447"]
[BlackElo "2518"]
[PlyCount "23"]
[EventDate "2000.07.03"]
[EventType "swiss"]
[EventRounds "9"]
[EventCountry "EGY"]
[Source "ChessBase"]
[SourceDate "2000.09.14"]

1. d4 Nf6 2. c4 e6 3. Nf3 Bb4+ 4. Bd2 Qe7 5. g3 O-O 6. Bg2 Bxd2+ 7. Qxd2 Ne4 8.
Qc2 Qb4+ 9. Nbd2 Nxd2 10. Nxd2 Qe7 11. O-O d6 12. Qc3 1/2-1/2

[Event "Tanta op 3rd"]
[Site "Tanta"]
[Date "2000.05.03"]
[Round "1"]
[White "Navrotescu , Catalin"]
[Black "Yasseen, Aly"]
[Result "1/2-1/2"]
[WhiteElo "2439"]
[BlackElo "2295"]
[PlyCount "52"]
[EventDate "2000.05.03"]
[EventType "swiss"]
[EventRounds "9"]
[EventCountry "EGY"]
[Source "ChessBase"]
[SourceDate "2000.07.11"]

1. d4 d5 2. c4 c6 3. Nf3 Nf6 4. Nc3 e6 5. Bg5 Be7 6. e3 Nbd7 7. Qc2 O-O 8.
O-O-O b6 9. Ne5 Nxe5 10. dxe5 Nd7 11. Bxe7 Qxe7 12. f4 f6 13. exf6 Nxf6 14. e4
dxe4 15. Nxe4 e5 16. Nxf6+ Qxf6 17. fxe5 Qxe5 18. Bd3 Bf5 19. Rhe1 Bxd3 20.
Rxe5 Bxc2 21. Kxc2 Rf2+ 22. Rd2 Raf8 23. Rde2 Rxe2+ 24. Rxe2 Rf4 25. Kd3 Kf7
26. a4 c5 1/2-1/2

[Event "Tanta op 3rd"]
[Site "Tanta"]
[Date "2000.05.04"]
[Round "2"]
[White "Abdel Razik, Khaled"]
[Black "Navrotescu , Catalin"]
[Result "1-0"]
[WhiteElo "2318"]
[BlackElo "2439"]
[PlyCount "57"]
[EventDate "2000.05.03"]
[EventType "swiss"]
[EventRounds "9"]
[EventCountry "EGY"]
[Source "ChessBase"]
[SourceDate "2000.07.11"]

1. d4 Nf6 2. c4 d6 3. Nc3 g6 4. Nf3 Bg7 5. g3 O-O 6. Bg2 Nc6 7. O-O Rb8 8. h3
Bf5 9. g4 Bd7 10. e4 e5 11. Be3 exd4 12. Nxd4 Re8 13. Qc2 Nxg4 14. hxg4 Bxd4
15. Bxd4 Nxd4 16. Qd1 c5 17. f3 Be6 18. Qd3 f5 19. gxf5 gxf5 20. f4 Qf6 21.
Rae1 Kh8 22. e5 dxe5 23. Rxe5 b6 24. Ne2 Nxe2+ 25. Qxe2 Bf7 26. b3 Rg8 27. Rf2
Rg4 28. Re7 h5 29. Rxf7 1-0

[Event "Tanta op 3rd"]
[Site "Tanta"]
[Date "2000.05.06"]
[Round "4"]
[White "Navrotescu , Catalin"]
[Black "Ahmed, Esam Aly"]
[Result "1-0"]
[WhiteElo "2439"]
[BlackElo "2363"]
[PlyCount "205"]
[EventDate "2000.05.03"]
[EventType "swiss"]
[EventRounds "9"]
[EventCountry "EGY"]
[Source "ChessBase"]
[SourceDate "2000.07.11"]

1. d4 Nf6 2. c4 e6 3. Nf3 c5 4. d5 b5 5. Bg5 exd5 6. cxd5 d6 7. e4 a6 8. a4 Be7
9. axb5 Nxe4 10. Bxe7 Qxe7 11. Be2 O-O 12. O-O Qb7 13. Nc3 Nxc3 14. bxc3 axb5
15. Rxa8 Qxa8 16. Bxb5 Nd7 17. Qb3 Qa5 18. c4 Qd8 19. h3 Qf6 20. Re1 Rd8 21.
Nd2 Qf4 22. Qc3 Qf6 23. Qa5 Rf8 24. Ne4 Qg6 25. Re3 Ne5 26. Qe1 Bf5 27. Nxd6
Bxh3 28. Rxh3 Qxd6 29. Ra3 Ng4 30. Rg3 Qf4 31. d6 Qd4 32. d7 h5 33. Ra3 Ne5 34.
Qa1 Qd6 35. Ra6 Qe7 36. Ra7 Qd6 37. Ra6 Qe7 38. Qd1 Rd8 39. Ra7 Ng4 40. g3 Qe5
41. Ra2 Qf5 42. Re2 Kh7 43. Qd5 Qb1+ 44. Kg2 Nf6 45. Qxc5 Qd3 46. Qe3 Qf5 47.
Qf3 Qxf3+ 48. Kxf3 Nxd7 49. Re7 Nf6 50. Rxf7 Rd3+ 51. Ke2 Rc3 52. Re7 Kh6 53.
Kd2 Rf3 54. Re2 Ng4 55. Ke1 Rc3 56. Ra2 Ne5 57. Kd2 Rf3 58. Ke2 Rc3 59. Ra6+
Kh7 60. Re6 Ng4 61. Kf1 Rc1+ 62. Re1 Nh2+ 63. Ke2 Rc2+ 64. Kd3 Rxf2 65. c5 Rf5
66. Rc1 Nf3 67. c6 Ne5+ 68. Ke4 Nxc6 69. Bxc6 Rf6 70. Ke3 Kh6 71. Bf3 g6 72.
Rc7 Re6+ 73. Be4 Rf6 74. Kd4 Ra6 75. Rc3 Kg5 76. Bf3 Ra4+ 77. Ke3 Ra6 78. Rc5+
Kh6 79. Be4 Rf6 80. Ra5 Rd6 81. Kf4 Re6 82. Ra7 Rb6 83. Rf7 Ra6 84. Rd7 Rb6 85.
Rd8 Ra6 86. Rh8+ Kg7 87. Rd8 Kh6 88. Rg8 Rb6 89. Ra8 Rd6 90. Ra7 Rb6 91. Bd5
Rf6+ 92. Ke5 Rf5+ 93. Ke6 Rg5 94. Ra3 Rg4 95. Kf6 Rg5 96. Be6 Rc5 97. Ra8 Kh7
98. Ra7+ Kh6 99. Rg7 Rc6 100. Rxg6+ Kh7 101. Rg7+ Kh6 102. Rg8 Kh7 103. Rc8 1-0

[Event "Tanta op 3rd"]
[Site "Tanta"]
[Date "2000.05.07"]
[Round "5"]
[White "Abou el Zein, Eid Mahmoud"]
[Black "Navrotescu , Catalin"]
[Result "0-1"]
[WhiteElo "2366"]
[BlackElo "2439"]
[PlyCount "92"]
[EventDate "2000.05.03"]
[EventType "swiss"]
[EventRounds "9"]
[EventCountry "EGY"]
[Source "ChessBase"]
[SourceDate "2000.07.11"]

1. d4 Nf6 2. c4 g6 3. Nc3 d6 4. e4 Bg7 5. f4 O-O 6. Nf3 c5 7. d5 e6 8. Be2 exd5
9. cxd5 Bg4 10. O-O Re8 11. h3 Bxf3 12. Bxf3 Na6 13. Re1 Nd7 14. Kh2 c4 15. Bd2
Nac5 16. Rb1 Rb8 17. g3 b5 18. b4 cxb3 19. axb3 a5 20. Bg2 b4 21. Na2 Nf6 22.
Qc2 Rc8 23. Rbc1 Ncxe4 24. Qd3 Nc5 25. Qb1 Qb6 26. Rcd1 Qb5 27. Nc1 Rxe1 28.
Bxe1 Re8 29. Qc2 Nfe4 30. Bf2 Nxf2 31. Qxf2 a4 32. Bf1 Qd7 33. Bc4 Bc3 34. Qc2
a3 35. Na2 Re3 36. Nxc3 Rxc3 37. Qe2 Nxb3 38. Bb5 Qf5 39. Bd3 Qc8 40. Bb1 Nc1
41. Qe7 b3 42. f5 a2 43. fxg6 hxg6 44. Bxg6 Rc2+ 45. Kg1 Ne2+ 46. Kf2 fxg6 0-1

[Event "Tanta op 3rd"]
[Site "Tanta"]
[Date "2000.05.09"]
[Round "6"]
[White "Navrotescu , Catalin"]
[Black "Medvegy, Nora"]
[Result "1/2-1/2"]
[WhiteElo "2439"]
[BlackElo "2275"]
[PlyCount "134"]
[EventDate "2000.05.03"]
[EventType "swiss"]
[EventRounds "9"]
[EventCountry "EGY"]
[Source "ChessBase"]
[SourceDate "2000.07.11"]

1. d4 Nf6 2. g3 e6 3. Bg2 d5 4. c4 dxc4 5. Qa4+ Nbd7 6. Nf3 a6 7. Qxc4 b5 8.
Qc2 Bb7 9. O-O c5 10. Nc3 Rc8 11. Qd1 Qb6 12. Be3 Be7 13. dxc5 Bxc5 14. Bxc5
Nxc5 15. Qd4 b4 16. Nb1 Rd8 17. Qf4 Nce4 18. Nbd2 Nh5 19. Qh4 Nxd2 20. Nxd2
Bxg2 21. Kxg2 Rxd2 22. Qxh5 Qd4 23. b3 Qe4+ 24. Qf3 Rxe2 25. a3 Qxf3+ 26. Kxf3
Rb2 27. axb4 Rxb3+ 28. Kg2 Rxb4 29. Rxa6 O-O 30. h4 g6 31. Rfa1 Kg7 32. Ra7 Rc8
33. R1a4 Rxa4 34. Rxa4 Rc7 35. Ra5 h5 36. Kf3 Rb7 37. Kg2 Kf6 38. Kf3 Rd7 39.
Ke3 Kg7 40. Ke4 Kf6 41. Ke3 Rd5 42. Ra7 Rb5 43. Rc7 e5 44. Ra7 Ke6 45. Rc7 Rb3+
46. Ke2 Rb6 47. Ra7 f6 48. Rg7 Kf5 49. Kf3 Rb2 50. Kg2 Rb5 51. Re7 Rb6 52. Re8
Ke4 53. Ra8 f5 54. Ra4+ Kd5 55. Ra5+ Ke6 56. Kf3 Kf6 57. Ke3 Rd6 58. Ke2 Rb6
59. Kf3 g5 60. hxg5+ Kxg5 61. Ra8 Rb3+ 62. Kg2 Rb6 63. Rg8+ Kh6 64. Rh8+ Kg5
65. Rg8+ Rg6 66. f4+ exf4 67. gxf4+ Kh6+ 1/2-1/2

[Event "Tanta op 3rd"]
[Site "Tanta"]
[Date "2000.05.11"]
[Round "8"]
[White "Navrotescu , Catalin"]
[Black "Ezat, Mohamed"]
[Result "1-0"]
[WhiteElo "2439"]
[BlackElo "2352"]
[PlyCount "61"]
[EventDate "2000.05.03"]
[EventType "swiss"]
[EventRounds "9"]
[EventCountry "EGY"]
[Source "ChessBase"]
[SourceDate "2000.07.11"]

1. d4 Nf6 2. c4 g6 3. g3 Bg7 4. Bg2 O-O 5. Nc3 d6 6. Nf3 c5 7. d5 e5 8. O-O h6
9. e4 a6 10. a4 Nbd7 11. Bd2 Rb8 12. Rb1 Ne8 13. Qc2 Nc7 14. Qd3 Qe8 15. Rfe1
b5 16. axb5 axb5 17. Nxb5 Nxb5 18. cxb5 Nb6 19. Nh4 Bd7 20. f4 Bxb5 21. Qf3
exf4 22. gxf4 Qe7 23. Qg3 Rfe8 24. Bc3 Bd7 25. Nf5 Bxf5 26. exf5 Qd7 27. fxg6
f5 28. h4 Nc4 29. Re6 Nxb2 30. Rxe8+ Qxe8 31. Bxg7 1-0

[Event "Tanta op 3rd"]
[Site "Tanta"]
[Date "2000.05.12"]
[Round "9"]
[White "Hassan, Sayed Barakat"]
[Black "Navrotescu , Catalin"]
[Result "0-1"]
[WhiteElo "2397"]
[BlackElo "2439"]
[PlyCount "120"]
[EventDate "2000.05.03"]
[EventType "swiss"]
[EventRounds "9"]
[EventCountry "EGY"]
[Source "ChessBase"]
[SourceDate "2000.07.11"]

1. e4 c5 2. b3 Nc6 3. Bb2 e6 4. e5 Nge7 5. Nf3 Ng6 6. Na3 Be7 7. h4 f6 8. Nc4
O-O 9. Bd3 Nf4 10. Bf1 b5 11. Nd6 fxe5 12. Nxc8 Rxc8 13. g3 Nd5 14. Bxb5 e4 15.
Ng5 Bxg5 16. hxg5 Qxg5 17. Qe2 Nf6 18. c3 Ne5 19. O-O-O d5 20. Kb1 Nfg4 21.
Rdf1 Rf3 22. Ba3 Qf5 23. Ba6 Rc6 24. Ka1 Nxf2 25. Rxf2 Rxf2 26. Qb5 Nd3 27. Rb1
Rb6 28. Qe8+ Qf8 29. Qxf8+ Rxf8 30. Bxd3 exd3 31. Bxc5 Rf3 32. Bxb6 axb6 33. a4
Rxg3 34. b4 Rg4 35. Ka2 h5 36. Ka3 Rc4 37. a5 b5 38. Re1 Rc6 39. Re3 Kh7 40.
Rxd3 h4 41. Kb3 g5 42. Kc2 Kg6 43. Kd1 g4 44. Ke2 Kf5 45. Ke3 Rc8 46. Kf2 Rd8
47. c4 bxc4 48. Ra3 Ke5 49. a6 Kd6 50. a7 Ra8 51. Ra6+ Kc7 52. Rxe6 Rxa7 53.
Rh6 Ra2 54. Ke3 h3 55. Rh4 Ra3+ 56. Kd4 g3 57. Rxh3 Rd3+ 58. Kc5 g2 59. Rh7+
Kd8 60. Rg7 Rxd2 0-1